000 00404nam a22001577a 4500
020 _a9788120309814
082 _222
_a658
100 _aStoner, James A. F...[et al.].
245 _aManagement /
250 _a6th.
260 _aNew Delhi,
_bPrentice Hall,
_cc2007.
300 _axxv, I-26 p. ;
_bill. ;
_c27 cm.
700 _aFreeman, R. Edward.
700 _aGilbert, Daniel Dan.
942 _2ddc
_cMAG
_010
999 _c2950
_d2950